| 000 -LEADER |
| fixed length control field |
01495cam a2200349 i 4500 |
| 001 - CONTROL NUMBER |
| control field |
18452668 |
| 003 - CONTROL NUMBER IDENTIFIER |
| control field |
NUST - PNEC |
| 005 - DATE AND TIME OF LATEST TRANSACTION |
| control field |
20170116181203.0 |
| 008 - FIXED-LENGTH DATA ELEMENTS--GENERAL INFORMATION |
| fixed length control field |
150116s2015 cau b 001 0 eng |
| 010 ## - LIBRARY OF CONGRESS CONTROL NUMBER |
| LC control number |
2015002087 |
| 020 ## - INTERNATIONAL STANDARD BOOK NUMBER |
| International Standard Book Number |
9781119044215 (paperback) |
| 040 ## - CATALOGING SOURCE |
| Original cataloging agency |
DLC |
| Language of cataloging |
eng |
| Transcribing agency |
LIBRARY |
| Description conventions |
rda |
| Modifying agency |
DLC |
| 042 ## - AUTHENTICATION CODE |
| Authentication code |
pcc |
| 050 00 - LIBRARY OF CONGRESS CALL NUMBER |
| Classification number |
LB2806 |
| Item number |
.D436 2015 |
| 082 00 - DEWEY DECIMAL CLASSIFICATION NUMBER |
| Classification number |
371.2 DES |
| Edition number |
23 |
| 084 ## - OTHER CLASSIFICATION NUMBER |
| Number source |
bisacsh |
| 100 1# - MAIN ENTRY--PERSONAL NAME |
| Personal name |
Desravines, Jean. |
| 245 14 - TITLE STATEMENT |
| Title |
The school leadership playbook : a field guide for dramatic improvement / |
| Statement of responsibility, etc. |
Jean Desravines, Benjamin Fenton with Lori Taliaferro Riddick. |
| 250 ## - EDITION STATEMENT |
| Edition statement |
First edition. |
| 260 ## - PUBLICATION, DISTRIBUTION, ETC. |
| Place of publication, distribution, etc. |
U.S.A. |
| Name of publisher, distributor, etc. |
New Leaders, Inc. |
| Date of publication, distribution, etc. |
C2015. |
| 300 ## - PHYSICAL DESCRIPTION |
| Extent |
ix, 186 pages ; |
| Dimensions |
24 cm |
| 504 ## - BIBLIOGRAPHY, ETC. NOTE |
| Bibliography, etc. note |
Includes bibliographical references and index. |
| 650 #0 - SUBJECT ADDED ENTRY--TOPICAL TERM |
| Topical term or geographic name entry element |
Educational leadership. |
| 650 #0 - SUBJECT ADDED ENTRY--TOPICAL TERM |
| Topical term or geographic name entry element |
School management and organization. |
| 650 #0 - SUBJECT ADDED ENTRY--TOPICAL TERM |
| Topical term or geographic name entry element |
Educational change. |
| General subdivision |
General |
| 650 #7 - SUBJECT ADDED ENTRY--TOPICAL TERM |
| Topical term or geographic name entry element |
EDUCATION / Administration / General. |
| Source of heading or term |
bisacsh |
| 776 08 - ADDITIONAL PHYSICAL FORM ENTRY |
| Relationship information |
Online version: |
| Main entry heading |
Desravines, Jean. |
| Title |
School leadership playbook |
| Edition |
First edition. |
| Place, publisher, and date of publication |
San Francisco, CA : Jossey-Bass, 2015 |
| International Standard Book Number |
9781119044055 |
| Record control number |
(DLC) 2015008658 |
| 856 ## - ELECTRONIC LOCATION AND ACCESS |
| Uniform Resource Identifier |
<a href="http://www.amazon.com/School-Leadership-Playbook-Dramatic-Improvement/dp/1119044219/ref=sr_1_1?s=books&ie=UTF8&qid=1455787323&sr=1-1&keywords=9781119044215">http://www.amazon.com/School-Leadership-Playbook-Dramatic-Improvement/dp/1119044219/ref=sr_1_1?s=books&ie=UTF8&qid=1455787323&sr=1-1&keywords=9781119044215</a> |
| 906 ## - LOCAL DATA ELEMENT F, LDF (RLIN) |
| a |
7 |
| b |
cbc |
| c |
orignew |
| d |
1 |
| e |
ecip |
| f |
20 |
| g |
y-gencatlg |
| 942 ## - ADDED ENTRY ELEMENTS (KOHA) |
| Source of classification or shelving scheme |
|
| Koha item type |
Book |